The Land Registration (Network Access) Rules 2008 (Record no. 108451)

MARC details
000 -LEADER
fixed length control field 01694cam a22002655a 4500
001 - CONTROL NUMBER
control field L144313
008 - FIXED-LENGTH DATA ELEMENTS--GENERAL INFORMATION
fixed length control field 080709s2008 xxk f lf000 0 eng d
035 ## - SYSTEM CONTROL NUMBER
System control number (Sirsi) u144313
041 0# - LANGUAGE CODE
Language code of text/sound track or separate title eng
050 04 - LIBRARY OF CONGRESS CALL NUMBER
Classification number 346.41043 $2 18
110 2# - MAIN ENTRY--CORPORATE NAME
Corporate name or jurisdiction name as entry element United Kingdom
Subordinate unit Land Registry
9 (RLIN) 4774
245 04 - TITLE STATEMENT
Title The Land Registration (Network Access) Rules 2008
Medium [electronic resource]
260 ## - PUBLICATION, DISTRIBUTION, ETC.
Place of publication, distribution, etc. London
Name of publisher, distributor, etc. OPSI
Date of publication, distribution, etc. 2008
490 #0 - SERIES STATEMENT
Series statement SI
Volume/sequential designation (1748) 2008
505 2# - FORMATTED CONTENTS NOTE
Formatted contents note General: Citation and commencement -- Interpretation -- Types of network access agreement -- Criteria to be met by an applicant for entry into a network access agreement: The criteria referred to in paragraph 1(4) of Schedule 5 to the Act -- Terms of access: Terms which must be included in network access agreements -- Termination of access by the registrar -- Termination of a full network access agreement by the registrar -- Immediate termination -- Termination after notice -- Giving of notice -- Suspension of termination pending appeal -- Termination of all network access agreements
505 2# - FORMATTED CONTENTS NOTE
Formatted contents note Schedule 1: The criteria for entry into a full network access agreement -- Schedule 2: Terms which much be included in a full network access agreement -- Schedule 3: The grounds on which the registrar may terminate a full network access agreement
520 ## - SUMMARY, ETC.
Summary, etc. Came into force 3 July 2008.
521 ## - TARGET AUDIENCE NOTE
Target audience note Advanced
590 ## - LOCAL NOTE (RLIN)
Local note KA NTK
650 24 - SUBJECT ADDED ENTRY--TOPICAL TERM
Topical term or geographic name entry element LAND REGISTRATION ACT 2002
651 #4 - SUBJECT ADDED ENTRY--GEOGRAPHIC NAME
Geographic name England and Wales
Chronological subdivision 1543-
690 ## - LOCAL SUBJECT ADDED ENTRY--TOPICAL TERM (OCLC, RLIN)
Topical term or geographic name as entry element PROPERTY-PROPERTY ACQUISITION AND DISPOSAL-CONVEYANCING-ECONVEYANCING
856 48 - ELECTRONIC LOCATION AND ACCESS
Uniform Resource Identifier <a href="https://www.opsi.gov.uk/si/si2008/uksi_20081750_en_1">https://www.opsi.gov.uk/si/si2008/uksi_20081750_en_1</a>
Public note View the item free of charge at www.opsi.gov.uk...
942 ## - ADDED ENTRY ELEMENTS (KOHA)
Suppress in OPAC 0
Holdings
Withdrawn status Lost status Source of classification or shelving scheme Damaged status Not for loan Home library Current library Shelving location Date acquired Total Checkouts Full call number Barcode Date last seen Copy number Price effective from Koha item type
    Dewey Decimal Classification     Virtual Virtual Online 09/07/2008   L144313 144313-1001 06/08/2019 1 06/08/2019 Book